| 000 | 00594nam a2200181Ia 4500 | ||
|---|---|---|---|
| 008 | 000000 d 0000000000spa00 | ||
| 090 | _aPSP02 R83n | ||
| 100 | 1 |
_aRuíz, Noemi _d1931 |
|
| 245 | 1 | 0 |
_aNoemí Ruíz _b: sintesis de mi espacio y tiempo ; Cd No. 1 [Disco compacto] |
| 264 | _a< s.l. : s.n. > | ||
| 300 | _a1 CD ROM bajo windows ; 12 cm. | ||
| 505 | _a8 pinturas | ||
| 600 | 0 | 0 |
_aCOLON, JUAN/ _xTRABAJOS PICTORICOS |
| 650 | 1 | 4 | _aARTE CONTEMPORANEO ESPAÑOL CDROM |
| 650 | 1 | 4 | _aPINTORES ESPAÑOLES CDROM |
| 650 | 1 | 4 | _aPINTURA ESPAÑOLA CDROM |
| 999 |
_c8923 _d8923 |
||
| 260 | _c2000 | ||